| 000 | 00366nam a2200133Ia 4500 | ||
|---|---|---|---|
| 008 | 200103s9999||||xx |||||||||||||| ||und|| | ||
| 040 | _aIMU-MPC | ||
| 082 | _aColumn-37 | ||
| 100 | _aHartley-Smith, D. I. | ||
| 245 | 0 | _aDiesel Engine Maintenance: A practical guide for the service engineer | |
| 260 |
_bIliffe Books Ltd., London _c1964 |
||
| 300 | _a242 | ||
| 942 | _cBK | ||
| 999 |
_c8166 _d8166 |
||